<?xml version="1.0" encoding="UTF-8"?>
<record
    xmlns:xsi="http://www.w3.org/2001/XMLSchema-instance"
    xsi:schemaLocation="http://www.loc.gov/MARC21/slim http://www.loc.gov/standards/marcxml/schema/MARC21slim.xsd"
    xmlns="http://www.loc.gov/MARC21/slim">

  <leader>00712nam a2200157   4500</leader>
  <controlfield tag="008">709.81 H548b</controlfield>
  <datafield tag="020" ind1=" " ind2=" ">
    <subfield code="a">8589365204</subfield>
  </datafield>
  <datafield tag="082" ind1=" " ind2=" ">
    <subfield code="a">709.81</subfield>
    <subfield code="b">H548b</subfield>
  </datafield>
  <datafield tag="100" ind1=" " ind2=" ">
    <subfield code="a">Henkerhoff, Paulo</subfield>
    <subfield code="9">6395</subfield>
  </datafield>
  <datafield tag="245" ind1=" " ind2=" ">
    <subfield code="a">Beatriz Milhazes</subfield>
  </datafield>
  <datafield tag="260" ind1=" " ind2=" ">
    <subfield code="a">Brasil</subfield>
    <subfield code="b">Barl&#xE9;u Edi&#xE7;&#xF5;es</subfield>
    <subfield code="c">2007</subfield>
  </datafield>
  <datafield tag="300" ind1=" " ind2=" ">
    <subfield code="a">264 p.</subfield>
    <subfield code="b">ill (col)</subfield>
    <subfield code="c">2705 x 26.5 cm</subfield>
  </datafield>
  <datafield tag="505" ind1=" " ind2=" ">
    <subfield code="t">Beatriz Milhazes: Color and volupt&#xE9;</subfield>
    <subfield code="t">Introduction</subfield>
    <subfield code="t">The 1980&#xB4;s</subfield>
    <subfield code="t">Hidden Body</subfield>
    <subfield code="t">History of the circle</subfield>
    <subfield code="t">Color</subfield>
    <subfield code="t">Bodies, the body</subfield>
    <subfield code="t">Landscape</subfield>
    <subfield code="t">Music</subfield>
    <subfield code="t">Space-time</subfield>
    <subfield code="t">Beyond canvas</subfield>
    <subfield code="t">Homo faber</subfield>
    <subfield code="t">Chronology</subfield>
    <subfield code="t">Bibliography</subfield>
  </datafield>
  <datafield tag="600" ind1=" " ind2=" ">
    <subfield code="x">arte contempor&#xE1;neo</subfield>
    <subfield code="x">Brasil</subfield>
    <subfield code="x">arte - pintura</subfield>
    <subfield code="x">arte - cr&#xED;tica e interpretaci&#xF3;n</subfield>
    <subfield code="x">pintura - Brasil</subfield>
    <subfield code="x">Milhazes, Beatriz</subfield>
    <subfield code="9">6396</subfield>
  </datafield>
  <datafield tag="700" ind1=" " ind2=" ">
    <subfield code="a">Leal, Carlos (editor)</subfield>
    <subfield code="9">6397</subfield>
  </datafield>
  <datafield tag="999" ind1=" " ind2=" ">
    <subfield code="c">1494</subfield>
    <subfield code="d">1494</subfield>
  </datafield>
  <datafield tag="952" ind1=" " ind2=" ">
    <subfield code="0">0</subfield>
    <subfield code="1">0</subfield>
    <subfield code="2">ddc</subfield>
    <subfield code="4">0</subfield>
    <subfield code="7">0</subfield>
    <subfield code="a">LV</subfield>
    <subfield code="b">LV</subfield>
    <subfield code="c">Monograf&#xED;as</subfield>
    <subfield code="d">2018-06-14</subfield>
    <subfield code="l">0</subfield>
    <subfield code="o">709.81 H548b</subfield>
    <subfield code="p">001069</subfield>
    <subfield code="r">2018-06-14 00:00:00</subfield>
    <subfield code="w">2018-06-14</subfield>
    <subfield code="y">01</subfield>
  </datafield>
</record>
